书目信息 |
| 题名: |
从喧嚣到理性
|
|
| 作者: | 陈小辉 , 陈富节 , 陈文 著 | |
| 分册: | ||
| 出版信息: | 北京 电子工业出版社 2017 |
|
| 页数: | 13,492页 | |
| 开本: | 24cm | |
| 丛书名: | 零壹财经书系 | |
| 单 册: | ||
| 中图分类: | F832.1-39 | |
| 科图分类: | ||
| 主题词: | 互联网络--应用--金融--风险管理--中国--手册 | |
| 电子资源: | ||
| ISBN: | 978-7-121-31517-6 | |
| 000 | 02023oam2 2200349 45 | |
| 001 | 012001000061 | |
| 005 | 20140920091301.0 | |
| 010 | @a978-7-121-31517-6@dCNY78.00 | |
| 100 | @a20170802d2017 em y0chiy50 ea | |
| 101 | 0 | @achi |
| 102 | @aCN@b110000 | |
| 105 | @ay az 000yy | |
| 106 | @ar | |
| 200 | 1 | @a从喧嚣到理性@9Cong Xuan Xiao Dao Li Xing@e互联网金融全面风险管理手册@f陈小辉,陈富节,陈文著 |
| 210 | @a北京@c电子工业出版社@d2017 | |
| 215 | @a13,492页@d24cm | |
| 225 | 1 | @a零壹财经书系@f柏亮主编 |
| 300 | @a其他题名:互联网金融全面风险管理手册 | |
| 314 | @a陈小辉,男,四川宜宾人,电子科技大学计算机专业硕士,注册会计师、律师、系统分析师和软件设计师,先后就职于中国人民银行、互联网金融公司、支付公司,出版国内首部互联网金融风控专著《P2P网贷平台全面风险管理建设实践》。 | |
| 314 | @a陈富节,男,计算机专业硕士,八年人民银行工作经验,参与中国互联网金融协会筹备、互联网金融风险专项整治等重要工作。长期从事互联网金融自律管理、风险管理、互联网金融标准研制工作,主持多项互联网金融行业信息披露标准。 | |
| 314 | @a陈文,男,“百舸金融论坛”发起人,北京大学新金融和创业投资研究中心研究员,金融学博士后。著有《P2P向死而生:科技投行赢得大未来》等著作。 | |
| 320 | @a有书目(第492页) | |
| 330 | @a本书作者结合自律、研究和从业相关经验,按督扶结合原则,对网络借贷机构、股权众筹机构、互联网支付机构、互联网小额贷款机构等从业机构面临的信用风险、操作风险、合规风险、流动性风险、市场风险、洗钱风险、战略风险和声誉风险等八大风险进行了研究分析,从监管机构、行业协会和从业机构等角度提出了相关应对建议。根据研究分析结果,提出构建从业机构全员参与的全面风险管理体系应对八大风险,并结合实务经验,讨论了全面风险管理体系的建设过程。 | |
| 461 | 0 | @12001 @a零壹财经书系 |
| 517 | 1 | @a互联网金融全面风险管理手册@9Hu Lian Wang Jin Rong Quan Mian Feng Xian Guan Li Shou Ce |
| 606 | 0 | @a互联网络@x应用@x金融@x风险管理@y中国@j手册 |
| 690 | @aF832.1-39@v5 | |
| 701 | 0 | @a陈小辉@9Chen Xiao Hui@4著 |
| 701 | 0 | @a陈富节@9Chen Fu Jie@4著 |
| 701 | 0 | @a陈文@9Chen Wen@4著 |
| 801 | 0 | @aCN@b上海新华@c20180901 |
| 905 | @b1040294-98@dF832.1@e169@f5 | |
| 从喧嚣到理性:互联网金融全面风险管理手册/陈小辉,陈富节,陈文著.-北京:电子工业出版社,2017 |
| 13,492页;24cm.-(零壹财经书系/柏亮主编) |
| 其他题名:互联网金融全面风险管理手册 |
| ISBN 978-7-121-31517-6:CNY78.00 |
| 本书作者结合自律、研究和从业相关经验,按督扶结合原则,对网络借贷机构、股权众筹机构、互联网支付机构、互联网小额贷款机构等从业机构面临的信用风险、操作风险、合规风险、流动性风险、市场风险、洗钱风险、战略风险和声誉风险等八大风险进行了研究分析,从监管机构、行业协会和从业机构等角度提出了相关应对建议。根据研究分析结果,提出构建从业机构全员参与的全面风险管理体系应对八大风险,并结合实务经验,讨论了全面风险管理体系的建设过程。 |
| ● |
| 相关链接 |
|
|
|
|
正题名:从喧嚣到理性
索取号:F832.1/169
 
预约/预借
| 序号 | 登录号 | 条形码 | 馆藏地/架位号 | 状态 | 备注 |
| 1 | 1040294 | 210402946 | 第一样本阅览室/ [索取号:F832.1/169] | 在馆 | |
| 2 | 1040295 | 210402955 | 第一借阅区/ [索取号:F832.1/169] | 在馆 | |
| 3 | 1040296 | 210402964 | 密集书库-海洋学院/ [索取号:F832.1/169] | 在馆 | |
| 4 | 1040297 | 210402973 | 第一借阅区/ [索取号:F832.1/169] | 在馆 | |
| 5 | 1040298 | 210402982 | 第一借阅区/ [索取号:F832.1/169] | 在馆 |